[Event "Campeonato de España Rapid 2017"]
[Site "Linares"]
[Date "2017.08.13"]
[Round "6"]
[White "Salgado Lopez, Ivan"]
[Black "Bernal Moro, Luis Javier"]
[Result "1/2-1/2"]
[Board "6"]
[WhiteTitle "GM"]
[WhiteElo "2666"]
[WhiteCountry "ESP"]
[WhiteFideId "2257327"]
[WhiteEloChange "-3"]
[BlackTitle "IM"]
[BlackElo "2434"]
[BlackCountry "ESP"]
[BlackFideId "2200236"]
[BlackEloChange "3"]

1. Nf3 {[%clk 0:15:08]} c5 {[%clk 0:15:08]} 2. b3 {[%clk 0:15:11]} d6 {[%clk
0:15:03]} 3. e3 {[%clk 0:15:05]} e5 {[%clk 0:14:31]} 4. Bb2 {[%clk 0:14:59]} f5
{[%clk 0:13:38]} 5. Bb5+ {[%clk 0:14:50]} Bd7 {[%clk 0:13:17]} 6. Bxd7+ {[%clk
0:14:50]} Qxd7 {[%clk 0:13:20]} 7. O-O {[%clk 0:14:51]} Nf6 {[%clk 0:13:24]} 8.
c4 {[%clk 0:14:43]} Be7 {[%clk 0:13:23]} 9. d3 {[%clk 0:14:11]} O-O {[%clk
0:13:25]} 10. Nc3 {[%clk 0:14:06]} Na6 {[%clk 0:10:56]} 11. e4 {[%clk 0:13:00]}
Nc7 {[%clk 0:08:10]} 12. Nd2 {[%clk 0:12:53]} f4 {[%clk 0:06:13]} 13. Kh1 {[%clk
0:12:38]} a6 {[%clk 0:06:12]} 14. f3 {[%clk 0:12:26]} b5 {[%clk 0:06:07]} 15. Nd5
{[%clk 0:12:27]} Rab8 {[%clk 0:05:43]} 16. Qe2 {[%clk 0:12:14]} Bd8 {[%clk
0:05:29]} 17. Bc3 {[%clk 0:11:43]} Ne6 {[%clk 0:05:25]} 18. Rg1 {[%clk 0:11:17]}
Nh5 {[%clk 0:04:10]} 19. g4 {[%clk 0:10:23]} fxg3 {[%clk 0:03:41]} 20. hxg3
{[%clk 0:10:23]} g6 {[%clk 0:03:41]} 21. Raf1 {[%clk 0:08:57]} Nd4 {[%clk
0:02:56]} 22. Bxd4 {[%clk 0:08:52]} cxd4 {[%clk 0:02:59]} 23. Qh2 {[%clk
0:08:46]} Nf6 {[%clk 0:02:22]} 24. Nxf6+ {[%clk 0:07:49]} Rxf6 {[%clk 0:02:27]}
25. f4 {[%clk 0:07:47]} Ba5 {[%clk 0:02:11]} 26. Nf3 {[%clk 0:05:45]} Rbf8 {[%clk
0:02:06]} 27. Nh4 {[%clk 0:04:55]} Kg7 {[%clk 0:01:42]} 28. Rf3 {[%clk 0:04:34]}
Qg4 {[%clk 0:01:36]} 29. Rgf1 {[%clk 0:04:37]} bxc4 {[%clk 0:01:29]} 30. bxc4
{[%clk 0:04:39]} Bc3 {[%clk 0:01:20]} 31. R3f2 {[%clk 0:03:46]} R8f7 {[%clk
0:01:21]} 32. Rf3 {[%clk 0:02:51]} a5 {[%clk 0:01:25]} 33. a4 {[%clk 0:02:49]}
Rf8 {[%clk 0:01:10]} 34. R3f2 {[%clk 0:02:52]} R8f7 {[%clk 0:01:14]} 35. Rf3
{[%clk 0:02:56]} 1/2-1/2

[Event "Campeonato de España Rapid 2017"]
[Site "Linares"]
[Date "2017.08.13"]
[Round "6"]
[White "Perez Mitjans, Orelvis"]
[Black "Martinez Duany, Lelys Stanley"]
[Result "1-0"]
[Board "7"]
[WhiteTitle "GM"]
[WhiteElo "2435"]
[WhiteCountry "ESP"]
[WhiteFideId "3502856"]
[WhiteEloChange "7"]
[BlackTitle "GM"]
[BlackElo "2615"]
[BlackCountry "CUB"]
[BlackFideId "3504727"]
[BlackEloChange "-7"]

1. e4 {[%clk 0:15:09]} e5 {[%clk 0:15:07]} 2. Nf3 {[%clk 0:15:09]} Nc6 {[%clk
0:15:10]} 3. Bb5 {[%clk 0:15:10]} Nf6 {[%clk 0:15:13]} 4. O-O {[%clk 0:15:04]}
Nxe4 {[%clk 0:15:11]} 5. d4 {[%clk 0:15:06]} Nd6 {[%clk 0:15:14]} 6. dxe5 {[%clk
0:15:08]} Nxb5 {[%clk 0:15:15]} 7. a4 {[%clk 0:15:11]} d6 {[%clk 0:14:58]} 8. e6
{[%clk 0:15:04]} Bxe6 {[%clk 0:14:40]} 9. axb5 {[%clk 0:15:07]} Ne5 {[%clk
0:14:27]} 10. Nd4 {[%clk 0:15:10]} Qh4 {[%clk 0:13:21]} 11. f4 {[%clk 0:14:59]}
Ng4 {[%clk 0:12:48]} 12. h3 {[%clk 0:15:00]} Nf6 {[%clk 0:12:47]} 13. Nc3 {[%clk
0:13:40]} d5 {[%clk 0:12:05]} 14. f5 {[%clk 0:13:23]} Bd7 {[%clk 0:11:42]} 15.
Rf4 {[%clk 0:13:11]} Qh5 {[%clk 0:10:41]} 16. Qe1+ {[%clk 0:13:11]} Kd8 {[%clk
0:10:42]} 17. Rh4 {[%clk 0:13:13]} Bc5 {[%clk 0:10:35]} 18. Rxh5 {[%clk 0:13:16]}
Bxd4+ {[%clk 0:10:38]} 19. Kh1 {[%clk 0:13:15]} Re8 {[%clk 0:07:24]} 20. Qh4
{[%clk 0:13:16]} Bc5 {[%clk 0:03:03]} 21. Bg5 {[%clk 0:12:52]} 1-0

[Event "Campeonato de España Rapid 2017"]
[Site "Linares"]
[Date "2017.08.13"]
[Round "6"]
[White "Llobell Cortell, Enrique"]
[Black "Saric, Ivan"]
[Result "0-1"]
[Board "8"]
[WhiteTitle "IM"]
[WhiteElo "2410"]
[WhiteCountry "ESP"]
[WhiteFideId "2216116"]
[WhiteEloChange "-3"]
[BlackTitle "GM"]
[BlackElo "2586"]
[BlackCountry "CRO"]
[BlackFideId "14508150"]
[BlackEloChange "3"]

1. e4 {[%clk 0:15:08]} c5 {[%clk 0:15:10]} 2. Nc3 {[%clk 0:15:11]} d6 {[%clk
0:15:14]} 3. f4 {[%clk 0:14:54]} g6 {[%clk 0:15:18]} 4. Nf3 {[%clk 0:14:48]} Bg7
{[%clk 0:15:22]} 5. Bb5+ {[%clk 0:14:38]} Bd7 {[%clk 0:15:25]} 6. Bc4 {[%clk
0:14:41]} Nc6 {[%clk 0:15:22]} 7. O-O {[%clk 0:14:40]} Na5 {[%clk 0:15:26]} 8.
Be2 {[%clk 0:14:37]} Nf6 {[%clk 0:15:11]} 9. d3 {[%clk 0:13:31]} O-O {[%clk
0:15:12]} 10. Qe1 {[%clk 0:13:34]} Nc6 {[%clk 0:15:08]} 11. Qh4 {[%clk 0:13:32]}
Nd4 {[%clk 0:14:58]} 12. Bd1 {[%clk 0:13:35]} e6 {[%clk 0:14:51]} 13. Nxd4 {[%clk
0:11:12]} cxd4 {[%clk 0:14:55]} 14. Ne2 {[%clk 0:11:15]} Ne8 {[%clk 0:14:59]} 15.
Qf2 {[%clk 0:10:57]} Qb6 {[%clk 0:14:52]} 16. b3 {[%clk 0:08:56]} f5 {[%clk
0:14:38]} 17. exf5 {[%clk 0:07:23]} Rxf5 {[%clk 0:14:42]} 18. Ng3 {[%clk
0:07:14]} Rf8 {[%clk 0:14:46]} 19. a4 {[%clk 0:06:43]} Rc8 {[%clk 0:14:00]} 20.
Qe1 {[%clk 0:06:27]} Nf6 {[%clk 0:13:55]} 21. Ne4 {[%clk 0:06:21]} Nxe4 {[%clk
0:13:58]} 22. Qxe4 {[%clk 0:06:22]} e5 {[%clk 0:12:39]} 23. Ba3 {[%clk 0:05:58]}
Bc6 {[%clk 0:12:24]} 24. Qe1 {[%clk 0:05:43]} exf4 {[%clk 0:11:59]} 25. Bxd6
{[%clk 0:05:20]} Rfe8 {[%clk 0:11:57]} 26. Qb4 {[%clk 0:04:45]} Qxb4 {[%clk
0:12:01]} 27. Bxb4 {[%clk 0:04:49]} Be5 {[%clk 0:11:29]} 28. Bg4 {[%clk 0:04:40]}
Rcd8 {[%clk 0:11:33]} 29. Rae1 {[%clk 0:04:37]} h5 {[%clk 0:11:16]} 30. Bf3
{[%clk 0:03:30]} Bxf3 {[%clk 0:11:03]} 31. gxf3 {[%clk 0:03:32]} Bc7 {[%clk
0:10:35]} 32. Rxe8+ {[%clk 0:03:20]} Rxe8 {[%clk 0:10:39]} 33. Re1 {[%clk
0:03:25]} Rxe1+ {[%clk 0:09:51]} 34. Bxe1 {[%clk 0:03:28]} g5 {[%clk 0:09:53]}
35. h3 {[%clk 0:03:33]} Kf7 {[%clk 0:09:56]} 36. c4 {[%clk 0:01:51]} dxc3 {[%clk
0:09:55]} 37. Bxc3 {[%clk 0:01:55]} Ke6 {[%clk 0:09:57]} 38. Kf2 {[%clk 0:01:50]}
Kf5 {[%clk 0:07:28]} 39. Bb4 {[%clk 0:01:48]} Bb6+ {[%clk 0:07:21]} 40. Ke2
{[%clk 0:01:13]} Bd4 {[%clk 0:07:20]} 41. Bd6 {[%clk 0:01:12]} a6 {[%clk
0:07:14]} 42. Bc7 {[%clk 0:00:54]} g4 {[%clk 0:07:23]} 43. hxg4+ {[%clk 0:00:58]}
hxg4 {[%clk 0:07:27]} 44. fxg4+ {[%clk 0:00:59]} Kxg4 {[%clk 0:07:31]} 45. Bd6
{[%clk 0:00:52]} Kg3 {[%clk 0:07:23]} 46. Bc7 {[%clk 0:00:46]} Be3 {[%clk
0:07:03]} 47. Kf1 {[%clk 0:00:32]} Kf3 {[%clk 0:06:34]} 48. Be5 {[%clk 0:00:28]}
Bd2 {[%clk 0:06:38]} 49. Bd4 {[%clk 0:00:32]} Bc1 {[%clk 0:06:24]} 50. Bf2 {[%clk
0:00:19]} Bd2 {[%clk 0:05:33]} 51. Bd4 {[%clk 0:00:22]} Be3 {[%clk 0:05:26]} 52.
Bc3 {[%clk 0:00:26]} Bb6 {[%clk 0:05:11]} 53. Bd2 {[%clk 0:00:30]} Bd4 {[%clk
0:05:09]} 54. Bc1 {[%clk 0:00:12]} Bc3 {[%clk 0:05:12]} 55. Kg1 Ke2 {[%clk
0:05:03]} 56. Bxf4 {[%clk 0:00:16]} Kxd3 {[%clk 0:05:07]} 57. Bd6 {[%clk
0:00:13]} a5 {[%clk 0:04:56]} 58. Kf1 {[%clk 0:00:08]} Kc2 {[%clk 0:05:00]} 59.
Ke2 {[%clk 0:00:07]} Kxb3 {[%clk 0:05:04]} 60. Kd3 {[%clk 0:00:11]} Bb4 {[%clk
0:05:07]} 61. Kd4 0-1

[Event "Campeonato de España Rapid 2017"]
[Site "Linares"]
[Date "2017.08.13"]
[Round "6"]
[White "Dvirnyy, Danyyil"]
[Black "Teran Alvarez, Ismael"]
[Result "1-0"]
[Board "9"]
[WhiteTitle "GM"]
[WhiteElo "2555"]
[WhiteCountry "ITA"]
[WhiteFideId "817570"]
[WhiteEloChange "3"]
[BlackTitle "IM"]
[BlackElo "2397"]
[BlackCountry "ESP"]
[BlackFideId "2204177"]
[BlackEloChange "-6"]

1. d4 {[%clk 0:15:07]} e6 {[%clk 0:15:03]} 2. c4 {[%clk 0:15:11]} f5 {[%clk
0:14:56]} 3. Nc3 {[%clk 0:15:13]} Nf6 {[%clk 0:15:00]} 4. e3 {[%clk 0:15:17]} b6
{[%clk 0:14:31]} 5. Bd3 {[%clk 0:15:20]} Bb7 {[%clk 0:14:32]} 6. f3 {[%clk
0:15:23]} g6 {[%clk 0:12:51]} 7. Nge2 {[%clk 0:15:25]} Bg7 {[%clk 0:12:39]} 8.
O-O {[%clk 0:13:56]} O-O {[%clk 0:12:14]} 9. h3 {[%clk 0:11:00]} c5 {[%clk
0:11:08]} 10. d5 {[%clk 0:10:30]} exd5 {[%clk 0:09:42]} 11. cxd5 {[%clk 0:10:33]}
Qe7 {[%clk 0:08:25]} 12. e4 {[%clk 0:10:02]} fxe4 {[%clk 0:07:52]} 13. fxe4
{[%clk 0:09:40]} Ba6 {[%clk 0:07:11]} 14. Bg5 {[%clk 0:07:34]} c4 {[%clk
0:03:21]} 15. Bc2 {[%clk 0:07:32]} b5 {[%clk 0:03:25]} 16. a3 {[%clk 0:06:41]} b4
{[%clk 0:02:30]} 17. axb4 {[%clk 0:06:42]} Qxb4 {[%clk 0:02:34]} 18. Qd2 {[%clk
0:05:41]} Bb7 {[%clk 0:02:18]} 19. Ra4 {[%clk 0:04:59]} Qc5+ {[%clk 0:02:00]} 20.
Be3 {[%clk 0:05:00]} Qc7 {[%clk 0:02:03]} 21. Nb5 {[%clk 0:04:56]} Qe5 {[%clk
0:01:50]} 22. Nec3 {[%clk 0:04:47]} Na6 {[%clk 0:01:30]} 23. Bf4 {[%clk 0:04:44]}
Qe8 {[%clk 0:01:23]} 24. Nd6 {[%clk 0:04:45]} Qd8 {[%clk 0:01:18]} 25. Rxc4
{[%clk 0:04:25]} Qb6+ {[%clk 0:01:17]} 26. Qe3 {[%clk 0:04:21]} Nxd5 {[%clk
0:01:11]} 27. Nxd5 {[%clk 0:04:07]} Bxd5 {[%clk 0:01:02]} 28. Qxb6 {[%clk
0:04:10]} axb6 {[%clk 0:00:58]} 29. exd5 {[%clk 0:03:55]} b5 {[%clk 0:00:35]} 30.
Nxb5 {[%clk 0:04:07]} 1-0

[Event "Campeonato de España Rapid 2017"]
[Site "Linares"]
[Date "2017.08.13"]
[Round "6"]
[White "Ladron De Guevara Pinto, Paolo"]
[Black "Forcen Esteban, Daniel"]
[Result "0-1"]
[Board "11"]
[WhiteTitle "FM"]
[WhiteElo "2368"]
[WhiteCountry "ESP"]
[WhiteFideId "2290847"]
[WhiteEloChange "-6"]
[BlackTitle "GM"]
[BlackElo "2523"]
[BlackCountry "ESP"]
[BlackFideId "2288230"]
[BlackEloChange "3"]

1. e4 {[%clk 0:15:08]} e6 {[%clk 0:15:10]} 2. d4 {[%clk 0:15:11]} d5 {[%clk
0:15:14]} 3. Nc3 {[%clk 0:15:14]} Nf6 {[%clk 0:15:17]} 4. e5 {[%clk 0:15:18]}
Nfd7 {[%clk 0:15:21]} 5. f4 {[%clk 0:15:22]} c5 {[%clk 0:15:25]} 6. Nf3 {[%clk
0:15:25]} Be7 {[%clk 0:15:29]} 7. Be3 {[%clk 0:15:27]} b6 {[%clk 0:15:33]} 8. Qd2
{[%clk 0:15:15]} O-O {[%clk 0:15:36]} 9. Nd1 {[%clk 0:15:07]} f5 {[%clk 0:15:01]}
10. c3 {[%clk 0:14:55]} Ba6 {[%clk 0:15:05]} 11. Bxa6 {[%clk 0:14:56]} Nxa6
{[%clk 0:15:08]} 12. O-O {[%clk 0:14:58]} Nab8 {[%clk 0:15:01]} 13. Kh1 {[%clk
0:14:52]} Nc6 {[%clk 0:15:03]} 14. Nf2 {[%clk 0:14:55]} Qe8 {[%clk 0:15:05]} 15.
Rac1 {[%clk 0:14:28]} Na5 {[%clk 0:15:06]} 16. b3 {[%clk 0:14:25]} Rc8 {[%clk
0:15:10]} 17. dxc5 {[%clk 0:13:24]} Nxc5 {[%clk 0:14:50]} 18. c4 {[%clk 0:09:34]}
Ncxb3 {[%clk 0:14:39]} 19. axb3 {[%clk 0:09:28]} Nxb3 {[%clk 0:14:43]} 20. Qa2
{[%clk 0:09:25]} Nxc1 {[%clk 0:14:46]} 21. Rxc1 {[%clk 0:09:29]} dxc4 {[%clk
0:13:28]} 22. Qxa7 {[%clk 0:09:20]} b5 {[%clk 0:13:32]} 23. Qa6 {[%clk 0:09:12]}
Bc5 {[%clk 0:10:40]} 24. Bxc5 {[%clk 0:08:20]} Rxc5 {[%clk 0:10:44]} 25. Nd3
{[%clk 0:06:44]} Rc8 {[%clk 0:08:47]} 26. Nb4 {[%clk 0:06:42]} Qd7 {[%clk
0:08:50]} 27. h3 {[%clk 0:05:50]} h6 {[%clk 0:08:44]} 28. Kh2 {[%clk 0:05:28]}
Rfd8 {[%clk 0:08:40]} 29. Rc2 {[%clk 0:05:24]} Qe8 {[%clk 0:07:38]} 30. Qb6
{[%clk 0:05:18]} Rb8 {[%clk 0:05:59]} 31. Qe3 {[%clk 0:04:20]} Rd1 {[%clk
0:05:05]} 32. Nd4 {[%clk 0:04:13]} Qd7 {[%clk 0:04:38]} 33. Ndc6 {[%clk 0:03:45]}
Ra8 {[%clk 0:04:28]} 34. Rc1 {[%clk 0:03:02]} Rxc1 {[%clk 0:03:23]} 35. Qxc1
{[%clk 0:03:05]} Rc8 {[%clk 0:03:27]} 36. Na5 {[%clk 0:01:47]} Qa7 {[%clk
0:03:29]} 37. Qa3 {[%clk 0:01:17]} Qf2 {[%clk 0:02:26]} 38. Nbc6 {[%clk 0:00:49]}
Qxf4+ {[%clk 0:02:27]} 39. Kg1 {[%clk 0:00:54]} Kh7 {[%clk 0:02:19]} 40. Qc5
{[%clk 0:00:50]} Qe4 {[%clk 0:01:47]} 41. Qxb5 {[%clk 0:00:18]} c3 {[%clk
0:01:50]} 0-1

[Event "Campeonato de España Rapid 2017"]
[Site "Linares"]
[Date "2017.08.13"]
[Round "6"]
[White "Suarez Gomez, Julio"]
[Black "Oliva Castaneda, Kevel"]
[Result "1/2-1/2"]
[Board "12"]
[WhiteTitle "FM"]
[WhiteElo "2305"]
[WhiteCountry "ESP"]
[WhiteFideId "22275991"]
[WhiteEloChange "5"]
[BlackTitle "IM"]
[BlackElo "2516"]
[BlackCountry "CUB"]
[BlackFideId "3500799"]
[BlackEloChange "-3"]

1. d4 {[%clk 0:15:09]} Nf6 {[%clk 0:15:07]} 2. Nf3 {[%clk 0:15:10]} g6 {[%clk
0:15:10]} 3. g3 {[%clk 0:15:14]} b6 {[%clk 0:15:13]} 4. Bg2 {[%clk 0:15:17]} Bb7
{[%clk 0:15:17]} 5. O-O {[%clk 0:14:57]} Bg7 {[%clk 0:15:21]} 6. a4 {[%clk
0:14:54]} O-O {[%clk 0:15:11]} 7. c3 {[%clk 0:14:42]} a5 {[%clk 0:15:06]} 8. Nbd2
{[%clk 0:14:40]} d6 {[%clk 0:15:10]} 9. Qc2 {[%clk 0:14:40]} Nbd7 {[%clk
0:15:14]} 10. e4 {[%clk 0:14:42]} e5 {[%clk 0:15:17]} 11. Re1 {[%clk 0:14:30]}
Qe7 {[%clk 0:14:45]} 12. dxe5 {[%clk 0:13:24]} Nxe5 {[%clk 0:13:58]} 13. Nxe5
{[%clk 0:13:16]} Qxe5 {[%clk 0:13:52]} 14. Nf1 {[%clk 0:11:29]} Rfe8 {[%clk
0:13:25]} 15. Bf4 {[%clk 0:11:30]} Qc5 {[%clk 0:13:01]} 16. Nd2 {[%clk 0:11:00]}
Ng4 {[%clk 0:12:28]} 17. Nb3 {[%clk 0:10:56]} Qh5 {[%clk 0:11:59]} 18. h3 {[%clk
0:10:59]} Ne5 {[%clk 0:12:04]} 19. g4 {[%clk 0:09:39]} Qh4 {[%clk 0:12:07]} 20.
Bg3 {[%clk 0:09:34]} Qe7 {[%clk 0:11:58]} 21. f4 {[%clk 0:09:27]} Nd7 {[%clk
0:12:01]} 22. Kh2 {[%clk 0:08:46]} Rab8 {[%clk 0:11:16]} 23. Rad1 {[%clk
0:08:27]} Nc5 {[%clk 0:11:03]} 24. Nd4 {[%clk 0:08:08]} Nxe4 {[%clk 0:10:34]} 25.
c4 {[%clk 0:07:32]} Bxd4 {[%clk 0:09:44]} 26. Rxd4 {[%clk 0:07:35]} f5 {[%clk
0:09:48]} 27. gxf5 {[%clk 0:06:57]} gxf5 {[%clk 0:09:50]} 28. Bxe4 {[%clk
0:04:45]} Bxe4 {[%clk 0:09:52]} 29. Qc3 {[%clk 0:04:29]} h6 {[%clk 0:09:31]} 30.
Rg1 {[%clk 0:04:42]} Kh7 {[%clk 0:09:35]} 31. Bh4 {[%clk 0:03:54]} Qxh4 {[%clk
0:08:47]} 32. Rxe4 {[%clk 0:03:58]} Rg8 {[%clk 0:08:52]} 33. Qe1 {[%clk 0:03:04]}
Qxe1 {[%clk 0:08:54]} 34. Rexe1 {[%clk 0:03:07]} Rge8 {[%clk 0:08:39]} 35. Kg3
{[%clk 0:02:48]} Rg8+ {[%clk 0:08:01]} 36. Kf3 {[%clk 0:02:51]} Rxg1 {[%clk
0:07:56]} 37. Rxg1 {[%clk 0:02:54]} Re8 {[%clk 0:08:05]} 38. b3 {[%clk 0:02:54]}
Re4 {[%clk 0:08:07]} 39. h4 {[%clk 0:02:57]} Rd4 {[%clk 0:07:38]} 40. Ke3 {[%clk
0:03:01]} Re4+ {[%clk 0:07:40]} 41. Kf3 {[%clk 0:03:05]} d5 {[%clk 0:06:35]} 42.
cxd5 {[%clk 0:02:42]} Rb4 {[%clk 0:06:18]} 43. Rc1 {[%clk 0:02:43]} Rxb3+ {[%clk
0:06:18]} 44. Ke2 {[%clk 0:02:48]} Rb4 {[%clk 0:05:30]} 45. h5 {[%clk 0:02:52]}
Re4+ {[%clk 0:03:51]} 46. Kd3 {[%clk 0:02:56]} Re7 {[%clk 0:03:55]} 47. Rc6
{[%clk 0:03:00]} Kg7 {[%clk 0:02:30]} 48. Rg6+ {[%clk 0:03:01]} Kh7 {[%clk
0:02:31]} 49. Rc6 {[%clk 0:03:05]} 1/2-1/2

[Event "Campeonato de España Rapid 2017"]
[Site "Linares"]
[Date "2017.08.13"]
[Round "6"]
[White "Moreno Ruiz, Javier"]
[Black "Blanco Acevedo, Cristobal Jose"]
[Result "1-0"]
[Board "14"]
[WhiteTitle "IM"]
[WhiteElo "2471"]
[WhiteCountry "ESP"]
[WhiteFideId "2203146"]
[WhiteEloChange "3"]
[BlackTitle "IM"]
[BlackElo "2297"]
[BlackCountry "VEN"]
[BlackFideId "3900525"]
[BlackEloChange "-5"]

1. d4 {[%clk 0:15:05]} d5 {[%clk 0:15:05]} 2. c4 {[%clk 0:15:05]} c6 {[%clk
0:15:05]} 3. cxd5 {[%clk 0:15:05]} cxd5 {[%clk 0:15:05]} 4. Bf4 {[%clk 0:15:05]}
Nc6 {[%clk 0:15:05]} 5. e3 {[%clk 0:15:05]} e6 {[%clk 0:15:05]} 6. Nc3 {[%clk
0:15:05]} Bd6 {[%clk 0:15:05]} 7. Bxd6 {[%clk 0:15:05]} Qxd6 {[%clk 0:15:00]} 8.
f4 {[%clk 0:15:05]} Nf6 {[%clk 0:15:00]} 9. Nf3 {[%clk 0:15:05]} O-O {[%clk
0:14:55]} 10. Bd3 {[%clk 0:15:05]} a6 {[%clk 0:14:50]} 11. O-O {[%clk 0:15:00]}
Bd7 {[%clk 0:14:50]} 12. Ne5 {[%clk 0:15:00]} Ne7 {[%clk 0:14:45]} 13. Rf3 {[%clk
0:14:45]} Rfc8 {[%clk 0:13:09]} 14. Rh3 {[%clk 0:14:40]} Ng6 {[%clk 0:12:55]} 15.
g4 {[%clk 0:14:35]} Be8 {[%clk 0:06:09]} 16. g5 {[%clk 0:13:49]} Nd7 {[%clk
0:06:04]} 17. Nxd7 {[%clk 0:11:14]} Bxd7 {[%clk 0:04:48]} 18. Qh5 {[%clk
0:11:14]} Kf8 {[%clk 0:01:43]} 19. Qxh7 {[%clk 0:10:50]} e5 {[%clk 0:01:17]} 20.
fxe5 {[%clk 0:10:04]} Qe6 {[%clk 0:01:02]} 21. Rg3 {[%clk 0:09:50]} Ke7 {[%clk
0:00:17]} 22. Qxg7 {[%clk 0:09:45]} Rh8 {[%clk 0:00:17]} 23. Bxg6 {[%clk
0:09:20]} Qxg6 {[%clk 0:00:17]} 24. Nxd5+ {[%clk 0:09:20]} 1-0

[Event "Campeonato de España Rapid 2017"]
[Site "Linares"]
[Date "2017.08.13"]
[Round "6"]
[White "Bruzon Batista, Lazaro"]
[Black "Espinosa Aranda, Angel"]
[Result "1/2-1/2"]
[Board "15"]
[WhiteTitle "GM"]
[WhiteElo "2648"]
[WhiteCountry "CUB"]
[WhiteFideId "3503739"]
[WhiteEloChange "-3"]
[BlackTitle "IM"]
[BlackElo "2425"]
[BlackCountry "ESP"]
[BlackFideId "2278189"]
[BlackEloChange "3"]

1. e4 {[%clk 0:15:10]} e6 {[%clk 0:15:07]} 2. d4 {[%clk 0:15:13]} d5 {[%clk
0:15:11]} 3. Nd2 {[%clk 0:15:18]} dxe4 {[%clk 0:15:12]} 4. Nxe4 {[%clk 0:15:21]}
Nd7 {[%clk 0:15:16]} 5. Nf3 {[%clk 0:15:25]} Ngf6 {[%clk 0:15:19]} 6. Bd3 {[%clk
0:15:28]} Nxe4 {[%clk 0:15:22]} 7. Bxe4 {[%clk 0:15:32]} Nf6 {[%clk 0:15:25]} 8.
Bg5 {[%clk 0:15:25]} Qd6 {[%clk 0:15:22]} 9. Bxf6 {[%clk 0:15:14]} gxf6 {[%clk
0:15:25]} 10. Qe2 {[%clk 0:15:17]} Bd7 {[%clk 0:15:22]} 11. O-O-O {[%clk
0:14:11]} O-O-O {[%clk 0:15:20]} 12. Kb1 {[%clk 0:13:46]} Bg7 {[%clk 0:14:59]}
13. c3 {[%clk 0:13:20]} f5 {[%clk 0:14:56]} 14. Bc2 {[%clk 0:13:24]} Bc6 {[%clk
0:14:55]} 15. Rhe1 {[%clk 0:13:02]} Qf4 {[%clk 0:14:05]} 16. Qe3 {[%clk 0:12:13]}
Qxe3 {[%clk 0:13:59]} 17. fxe3 {[%clk 0:12:17]} Rhg8 {[%clk 0:12:23]} 18. e4
{[%clk 0:12:19]} Bf6 {[%clk 0:12:10]} 19. Rd2 {[%clk 0:12:06]} fxe4 {[%clk
0:11:55]} 20. Bxe4 {[%clk 0:12:07]} Bxe4+ {[%clk 0:11:53]} 21. Rxe4 {[%clk
0:12:11]} c5 {[%clk 0:11:57]} 22. Rf4 {[%clk 0:11:54]} Rg6 {[%clk 0:11:57]} 23.
dxc5 {[%clk 0:11:08]} Rxd2 {[%clk 0:11:59]} 24. Nxd2 {[%clk 0:11:11]} Bg5 {[%clk
0:12:02]} 25. Rf2 {[%clk 0:11:08]} Be3 {[%clk 0:12:05]} 26. Re2 {[%clk 0:11:09]}
Bxc5 {[%clk 0:12:08]} 27. Kc2 {[%clk 0:11:01]} Kc7 {[%clk 0:11:48]} 28. g3 {[%clk
0:11:03]} h5 {[%clk 0:11:42]} 29. Nf3 {[%clk 0:11:07]} Rf6 {[%clk 0:11:25]} 30.
Ne5 {[%clk 0:10:34]} Bd6 {[%clk 0:11:17]} 31. Kd3 {[%clk 0:08:42]} h4 {[%clk
0:08:18]} 32. g4 {[%clk 0:07:30]} Rf4 {[%clk 0:07:51]} 33. h3 {[%clk 0:06:55]}
Bxe5 {[%clk 0:07:39]} 34. Rxe5 {[%clk 0:06:59]} Rf3+ {[%clk 0:07:42]} 35. Re3
{[%clk 0:06:51]} Rf2 {[%clk 0:07:45]} 36. Re2 {[%clk 0:06:32]} Rf3+ {[%clk
0:07:48]} 37. Re3 {[%clk 0:06:36]} Rf2 {[%clk 0:07:52]} 38. Ke4 {[%clk 0:06:36]}
1/2-1/2

[Event "Campeonato de España Rapid 2017"]
[Site "Linares"]
[Date "2017.08.13"]
[Round "6"]
[White "Martin Duque, Jesus"]
[Black "Granda Zuniga, Julio E"]
[Result "0-1"]
[Board "16"]
[WhiteTitle "FM"]
[WhiteElo "2297"]
[WhiteCountry "ESP"]
[WhiteFideId "2208954"]
[WhiteEloChange "-2"]
[BlackTitle "GM"]
[BlackElo "2644"]
[BlackCountry "PER"]
[BlackFideId "3800024"]
[BlackEloChange "1"]

1. e4 {[%clk 0:15:08]} c5 {[%clk 0:15:07]} 2. Nf3 {[%clk 0:15:11]} Nc6 {[%clk
0:15:10]} 3. d4 {[%clk 0:15:14]} cxd4 {[%clk 0:15:14]} 4. Nxd4 {[%clk 0:15:18]}
e6 {[%clk 0:15:17]} 5. Nc3 {[%clk 0:15:21]} Qc7 {[%clk 0:15:20]} 6. Be3 {[%clk
0:15:16]} a6 {[%clk 0:15:24]} 7. Qd2 {[%clk 0:14:41]} Nf6 {[%clk 0:14:59]} 8. f4
{[%clk 0:14:44]} Bb4 {[%clk 0:14:52]} 9. Bd3 {[%clk 0:14:45]} d6 {[%clk 0:12:43]}
10. a3 {[%clk 0:13:37]} Ba5 {[%clk 0:12:24]} 11. Nxc6 {[%clk 0:11:23]} Qxc6
{[%clk 0:11:41]} 12. b4 {[%clk 0:10:36]} Bb6 {[%clk 0:10:55]} 13. Ne2 {[%clk
0:10:04]} e5 {[%clk 0:10:35]} 14. c4 {[%clk 0:08:44]} O-O {[%clk 0:10:23]} 15.
Bxb6 {[%clk 0:07:44]} Qxb6 {[%clk 0:10:26]} 16. f5 {[%clk 0:07:24]} Bd7 {[%clk
0:09:40]} 17. h3 {[%clk 0:06:48]} Rfe8 {[%clk 0:07:01]} 18. g4 {[%clk 0:06:44]}
Bc6 {[%clk 0:06:55]} 19. Ng3 {[%clk 0:04:29]} Qd4 {[%clk 0:06:50]} 20. Rd1 {[%clk
0:04:19]} Bxe4 {[%clk 0:06:03]} 21. Bxe4 {[%clk 0:03:10]} Nxe4 {[%clk 0:06:06]}
22. Qxd4 {[%clk 0:03:13]} exd4 {[%clk 0:06:09]} 23. Nxe4 {[%clk 0:03:05]} Rxe4+
{[%clk 0:06:13]} 24. Kf2 {[%clk 0:02:56]} Rc8 {[%clk 0:05:41]} 25. Rhe1 {[%clk
0:02:47]} Rxe1 {[%clk 0:05:42]} 26. Rxe1 {[%clk 0:02:51]} Kf8 {[%clk 0:05:45]}
27. Rc1 {[%clk 0:02:40]} b5 {[%clk 0:05:06]} 28. c5 {[%clk 0:02:33]} dxc5 {[%clk
0:05:07]} 29. bxc5 {[%clk 0:02:35]} Ke7 {[%clk 0:05:06]} 30. Ke2 {[%clk 0:02:27]}
Kf6 {[%clk 0:05:00]} 31. Kd3 {[%clk 0:01:59]} Ke5 {[%clk 0:05:04]} 32. Re1+
{[%clk 0:01:50]} Kd5 {[%clk 0:05:08]} 33. Re7 {[%clk 0:01:53]} Rxc5 {[%clk
0:05:11]} 34. Rd7+ {[%clk 0:01:33]} Ke5 {[%clk 0:05:14]} 35. Rxf7 {[%clk
0:01:37]} Rc3+ {[%clk 0:05:18]} 36. Kd2 {[%clk 0:01:41]} Rxa3 {[%clk 0:03:25]}
37. Rxg7 {[%clk 0:01:39]} Rxh3 {[%clk 0:03:28]} 38. Re7+ {[%clk 0:01:21]} Kf4
{[%clk 0:03:05]} 39. Rg7 {[%clk 0:01:01]} h6 {[%clk 0:02:31]} 40. f6 {[%clk
0:00:40]} Rf3 {[%clk 0:02:33]} 41. Rg6 {[%clk 0:00:11]} a5 {[%clk 0:02:13]} 42.
Ke2 {[%clk 0:00:08]} a4 {[%clk 0:01:27]} 43. f7 {[%clk 0:00:10]} d3+ {[%clk
0:01:31]} 44. Kd2 {[%clk 0:00:05]} Ke5 {[%clk 0:01:11]} 45. Rxh6 {[%clk 0:00:14]}
Rxf7 {[%clk 0:01:12]} 46. Rh5+ {[%clk 0:00:18]} Kd4 {[%clk 0:01:16]} 47. Rxb5
{[%clk 0:00:20]} Rf2+ {[%clk 0:01:18]} 48. Ke1 {[%clk 0:00:23]} Re2+ {[%clk
0:01:15]} 49. Kd1 {[%clk 0:00:26]} Rg2 {[%clk 0:01:17]} 50. Ra5 {[%clk 0:00:24]}
Kc3 {[%clk 0:01:03]} 51. Rc5+ {[%clk 0:00:27]} Kb4 {[%clk 0:01:05]} 52. Rc8
{[%clk 0:00:18]} a3 {[%clk 0:01:08]} 53. Rb8+ {[%clk 0:00:10]} Kc4 {[%clk
0:01:12]} 54. Rc8+ {[%clk 0:00:12]} Kd4 {[%clk 0:01:15]} 55. Rd8+ {[%clk
0:00:10]} Ke4 {[%clk 0:01:19]} 56. Re8+ {[%clk 0:00:09]} 0-1